Historias de los regadíos (Record no. 80193)

MARC details
000 -LEADER
campo de control de longitud fija 00688nam a2200181 i 4500
001 - NÚMERO DE CONTROL
campo de control 80193
003 - IDENTIFICADOR DE NÚMERO DE CONTROL
campo de control ES-MaACL
005 - FECHA Y HORA DE LA ÚLTIMA TRANSACCIÓN
campo de control 20230906174146.0
007 - CAMPO FIJO DE DESCRIPCIÓN FÍSICA--INFORMACIÓN GENERAL
campo de control de longitud fija t|
008 - DATOS DE LONGITUD FIJA--INFORMACIÓN GENERAL
campo de control de longitud fija 041026s1974 sp ||||1| spa d
245 00 - MENCIÓN DEL TÍTULO
Título Historias de los regadíos
Resto del título : dos campañas de "Heraldo de Aragón" en defensa del plan de riegos de la región aragonesa /
Mención de responsabilidad, etc. prólogo de Antonio Bruned Mompeón ; edición de Juan Domínguez Lasierra.
260 ## - PUBLICACIÓN, DISTRIBUCIÓN, ETC.
Lugar de publicación, distribución, etc. Zaragoza :
Nombre del editor, distribuidor, etc. Heraldo de Aragón,
Fecha de publicación, distribución, etc. 1974.
300 ## - DESCRIPCIÓN FÍSICA
Extensión 509 p. ;
Dimensiones 25 cm.
650 #4 - PUNTO DE ACCESO ADICIONAL DE MATERIA--TÉRMINO DE MATERIA
Término de materia o nombre geográfico como elemento de entrada Regadío-
Subdivisión geográfica Aragón.
9 (RLIN) 164055
700 1# - ENTRADA AGREGADA--NOMBRE PERSONAL
Nombre de persona Bruned Mompeón, Antonio.
9 (RLIN) 32151
700 1# - ENTRADA AGREGADA--NOMBRE PERSONAL
Nombre de persona Domínguez Lasierra, Juan.
9 (RLIN) 45223
852 ## - LOCALIZACIÓN
Ubicación ES-MaACL
Número de control de estantería L-7197
Sublocalización o colección R.106662
Holdings
Estatus retirado Estado de pérdida Estado de daño No para préstamo Biblioteca de origen Biblioteca actual Ubicación en estantería Fecha de adquisición Fuente de adquisición Total de préstamos Signatura topográfica completa Código de barras Visto por última vez Precio de reemplazo Tipo de ítem Koha
        Biblioteca del Ateneo de Madrid Biblioteca del Ateneo de Madrid Depósito 2 17/01/2008     L-7197 1083845 23/02/2023 23/02/2023 Libro impreso